00892 a2200157 45000010006000000050017000060080041000230030015000640400040000790800140001192450073002592640126003323000019004585050153004771000104006305933120260407155847.0260407a1967 arg spa dAR-UNSa-BCEJYS aAR-UNSa-BCEJYSbspacAR-UNSa-BCEJYS a338.2(8)xPolítica económica. Control de la economía. gestión de la economía. planificación económica en América Latina10aProyecto de ley uniforme de títulos -valores para América Latina 1aBuenos Aires :bBID/INTAL (Banco Interamericano de Desarrollo. Instituto para la integración de América Latina)c1967 a465 p.c23 cm. a1. Proyecto de ley uniforme de títulos-valores para América Latina – 2. Documentos de trabajo considerados en la reunión de especialistas - 1 aBanco Interamericano de Desarrollo. Instituto para la Integración de América Latina (BID-INTAL)